01443nam a2200349 a 4500001001200000003000800012006001900020007001500039008004100054010001700095020004000112040002100152035002100173050002300194100002000217245006500237260005200302300002300354504005100377505020300428533015200631650001300783650002300796650002600819650001200845650001900857650002800876655002900904710001700933856012600950999001701076ebr10266067CaPaEBRm u cr cn|||||||||050110s2005 ilua sb s001 0 eng  z 2005000612 z0226514625 (hardcover : alk. paper) aCaPaEBRcCaPaEBR a(OCoLC)64678436114aP117b.M359 2005eb1 aMcNeill, David.10aGesture and thoughth[electronic resource] /cDavid McNeill. aChicago :bUniversity of Chicago Press,cc2005. axii, 318p. :bill. aIncludes bibliographical references and index.0 aWhy gestures? -- How gestures carry meaning -- Two dimensions -- Imagery-language dialectic -- Discourse -- Children and whorf -- Neurogesture -- The thought-language-hand link and language origins. aElectronic reproduction.bPalo Alto, Calif. :cebrary,d2013.nAvailable via World Wide Web.nAccess may be limited to ebrary affiliated libraries. 0aGesture. 0aPsycholinguistics. 0aThought and thinking. 0aSpeech. 0aSign language. 0aLanguage and languages. 7aElectronic books.2local2 aebrary, Inc.40uhttp://site.ebrary.com/lib/rucke/Doc?id=10266067zAn electronic book accessible through the World Wide Web; click to view c11022d11022